'A'-Less Presidents Quiz Stats

 Plays Quiz Updated Jul 9, 2018

Challenge
Share
Tweet
Embed
Score 0/23 Timer 03:00
11 Plays Today
% Correct
George Bush
97.4%
George W. Bush
96.9%
Theodore Roosevelt
89.4%
Franklin Roosevelt
89.3%
William Clinton
89%
Abraham Lincoln
88.4%
Donald Trump
84.7%
Richard Nixon
84.6%
John Kennedy
84.5%
Thomas Jefferson
83.6%
Lyndon Johnson
81.3%
Andrew Johnson
81.1%
% Correct
Gerald Ford
76.7%
Dwight Eisenhower
75.8%
Herbert Hoover
71.7%
James Polk
68.7%
James Monroe
68.5%
Woodrow Wilson
65.4%
Calvin Coolidge
63.9%
John Tyler
61.7%
William McKinley
58.4%
Franklin Pierce
52%
Millard Fillmore
50.6%

You're not logged in!

Compare scores with friends on all Sporcle quizzes.
Join for Free
OR
Log In

You Might Also Like...

Show Comments

Extras

Top Quizzes Today


Score Distribution

Your Account Isn't Verified!

In order to create a playlist on Sporcle, you need to verify the email address you used during registration. Go to your Sporcle Settings to finish the process.

Report this User

Report this user for behavior that violates our Community Guidelines.

Details: